Maserati Car Models Worldwide 2024-25 - Statistics

General Stats
  • This quiz has been taken 303 times
    55 since last reset
  • The average score is 10 of 12
Answer Stats
Hint Answer % Correct
Supercar MC20
95%
Supercar MC20 Cielo
95%
Supercar MC20 GT2 Stradale
95%
Grand Tourer GranTurismo
92%
Grand Tourer EV GranTurismo Folgore
92%
Midsize Crossover Levante
92%
Midsize Sedan Ghibli
89%
Executive Sedan Quattroporte
84%
Compact Crossover Grecale
76%
Compact Crossover EV Grecale Folgore
76%
Grand Tourer GranCabrio
63%
Grand Tourer EV GranCabrio Folgore
63%
No matching quizzes found
Score Distribution
Percent of People with Each Score
Percentile by Number Answered
Your Score History
You have not taken this quiz since the last reset